000 00638cam a2200205 4500500
005 20260405002139.0
041 _afre
042 _adc
100 1 0 _aTenaillon, Nicolas
_eauthor
245 0 0 _aStratagème n° 55. Parasitez le discours de l’adversaire
260 _c2016.
500 _a83
690 _aDébat
690 _aDiscours
690 _aFinkielkraut
690 _aMais taisez-vous !
690 _aNicolas Tenaillon
786 0 _nPhilosophie magazine | 97 | 3 | 2016-03-01 | p. 40-40 | 1951-1787
856 4 1 _uhttps://shs.cairn.info/magazine-philosophie-magazine-2016-3-page-40?lang=fr&redirect-ssocas=7080
999 _c2054757
_d2054757